| 000 | 01108nam0a22003131 4500 | ||
|---|---|---|---|
| 001 | rc\4833926 | ||
| 005 | 20250612230724.0 | ||
| 021 |
_aRU _b[62-78078] |
||
| 035 | _a(NLR Aleph) 008890170 | ||
| 090 |
_a8637431 _c8637431 |
||
| 100 | _a20130426d1962 |||y0rusy50 ca | ||
| 101 | 0 | _arus | |
| 102 | _aRU | ||
| 105 | _aa z ||||| | ||
| 200 | 1 |
_aТеория и практика цветного телевидения _fПод ред. проф. П.В. Шмакова |
|
| 210 |
_aМосква _cСов. радио _d1962 |
||
| 215 |
_a662 с., 5 л. ил. _cил. _d21 |
||
| 300 | _aАвт. глав: Аксентов Ю.В., Гольдин А.А., Джакония В.Е. и др. | ||
| 320 | _aБиблиогр. в конце глав | ||
| 606 |
_aТелевидение цветное _2psbo |
||
| 701 | 1 |
_aАксентов _bЮ.В. |
|
| 701 | 1 |
_aГольдин _bА.А. |
|
| 701 | 1 |
_aДжакония _bВ.Е. |
|
| 702 | 1 |
_aШмаков _bП.В. _gПавел Васильевич _4340 |
|
| 801 | 0 |
_aRU _bNLR _gpsbo |
|
| 801 | 1 |
_aRU _bELAR _2rusmarc |
|
| 852 |
_aNLR _j62-3/5482 |
||
| 942 | _cBOOK | ||
| 980 | _aNB | ||